| 000 | 00846cab a2200253 4500 | ||
|---|---|---|---|
| 001 | ABS48919 | ||
| 008 | 090401t1993 xxu||||| |||| 00| 0 eng d | ||
| 035 | _a(Sirsi) u69136 | ||
| 041 | _aeng | ||
| 110 |
_aAnthony Williams and Partners _93 |
||
| 245 | _aHeart transplant centre, Wythenshawe hospital | ||
| 260 | _c1993 | ||
| 350 | _a0 | ||
| 490 |
_aBuilding _v258(7084) 23 July 1993, 29-35(8) |
||
| 520 | _aThe subject of this `Building Dossier` is the first of its kind in Britain and is reviewed here with an accommodation schedule, project data and cost details. | ||
| 650 | _aBUILT ENVIRONMENT-BUILDING COSTS | ||
| 650 | _aHEART TRANSPLANT CENTRE | ||
| 650 | _aHOSPITALS | ||
| 650 | _aOPERATING THEATRE | ||
| 650 | _aWYTHENSHAWE HOSPITAL | ||
| 690 | _aBUILDING AND CONSTRUCTION-PROJECTS | ||
| 942 | _n0 | ||
| 948 | _c04/03/1997 | ||
| 999 |
_c43429 _d43429 |
||